[Event "EST-ch"]
[Site "Tallinn"]
[Date "2022.12.16"]
[Round "7"]
[White "Sirosh, Ilja"]
[Black "Seeman, Tarvo"]
[Result "0-1"]
[WhiteElo "2386"]
[BlackElo "2405"]
[PlyCount "112"]
[EventDate "2022.12.10"]
[EventType "tourn"]
[EventRounds "9"]
[EventCountry "EST"]
[EventCategory "3"]
[SourceTitle "CBM 211 Extra"]
[Source "ChessBase"]
[SourceDate "2023.01.31"]
[SourceVersion "1"]
[SourceVersionDate "2023.01.31"]
[SourceQuality "1"]

1. e4 g6 2. d4 Bg7 3. Nf3 d6 4. Be2 Nf6 5. Nc3 0-0 6. 0-0 Bg4 7. h3 Bxf3 8. Bxf3 Nc6 9. d5 Ne5 10. Be2 c6 11. dxc6 bxc6 12. Be3 a5 13. Qd2 a4 14. a3 Qa5 15. Rab1 Rfd8 16. Rfd1 d5 17. exd5 cxd5 18. Bd4 Ned7 19. f4 e6 20. Qe3 Ne8 21. Bb5 Nd6 22. Bxg7 Nxb5 23. Nxb5 Kxg7 24. Nd4 Rdc8 25. g4 Re8 26. c4 dxc4 27. Nf3 Qc5 28. Qxc5 Nxc5 29. Rdc1 Nd3 30. Rxc4 Reb8 31. Rd4 Rxb2 32. Rxb2 Nxb2 33. Ne5 Ra7 34. g5 f6 35. Ng4 fxg5 36. fxg5 Rc7 37. Nh6 Kf8 38. Rb4 Rc2 39. Ng4 Ke7 40. Rb7+ Kd6 41. Nf6 Ke5 42. Nxh7 Kf4 43. Rf7+ Kg3 44. Nf8 Nc4 45. Rf1 Nd2 46. Nxg6 Nxf1 47. Kxf1 Rc3 48. Ke2 Rxa3 49. Nf8 e5 50. Nd7 Kf4 51. h4 Rh3 52. g6 Rxh4 53. g7 Rg4 54. Nf6 Rxg7 55. Nh5+ Kg4 56. Nxg7 a3 0-1

[Event "EST-ch"]
[Site "Tallinn"]
[Date "2022.12.10"]
[Round "1"]
[White "Sirosh, Ilja"]
[Black "Kulaots, Kaido"]
[Result "0-1"]
[WhiteElo "2386"]
[BlackElo "2513"]
[PlyCount "120"]
[EventDate "2022.12.10"]
[EventType "tourn"]
[EventRounds "9"]
[EventCountry "EST"]
[EventCategory "3"]
[SourceTitle "CBM 211 Extra"]
[Source "ChessBase"]
[SourceDate "2023.01.31"]
[SourceVersion "1"]
[SourceVersionDate "2023.01.31"]
[SourceQuality "1"]

1. e4 c5 2. Nf3 Nc6 3. d4 cxd4 4. Nxd4 Nf6 5. Nc3 d6 6. Bg5 e6 7. Qd3 Bd7 8. 0-0-0 a6 9. f4 h6 10. Bh4 g5 11. fxg5 Ng4 12. Nxc6 Bxc6 13. Be2 hxg5 14. Bg3 Ne5 15. Qd4 Qc7 16. h4 gxh4 17. Bxh4 Be7 18. Bxe7 Kxe7 19. g4 Rxh1 20. Rxh1 Rg8 21. Qf2 Qa5 22. Qh4+ Kd7 23. Qf2 Qc5 24. Qf4 b5 25. a3 a5 26. Rh7 Ke7 27. Nd1 b4 28. g5 Ba4 29. Ne3 Bxc2 30. Nxc2 b3 31. Qf6+ Kd7 32. Bd1 bxc2 33. Bxc2 Qg1+ 34. Kd2 Qd4+ 35. Kc1 Qg1+ 36. Kd2 Qd4+ 37. Kc1 Rb8 38. Rxf7+ Kc6 39. Qf2 Qxb2+ 40. Kd1 Qa1+ 41. Kd2 Nc4+ 42. Ke2 Rb2 43. Kf3 Qxa3+ 44. Kf4 e5+ 45. Kf5 Ne3+ 46. Kg6 Rxc2 47. Qf6 Qd3 48. Qe6 Qxe4+ 49. Kg7 Nc4 50. g6 Rg2 51. Rf6 Kc5 52. Kf8 a4 53. Qe8 a3 54. g7 a2 55. Qa4 Qb1 56. Qa7+ Qb6 57. Qa8 Qc6 58. Qa7+ Kb4 59. Rf7 Qc8+ 60. Ke7 Na5 0-1

[Event "Titled Tuesday intern op 23rd Aug Early"]
[Site "Chess.com INT"]
[Date "2022.08.23"]
[Round "2"]
[White "Sirosh, Ilja"]
[Black "Beerdsen, Thomas"]
[Result "1-0"]
[WhiteElo "2385"]
[BlackElo "2513"]
[PlyCount "81"]
[EventDate "2022.08.23"]
[EventType "swiss (blitz)"]
[EventRounds "11"]
[EventCountry "USA"]
[SourceTitle "EXT 2023"]
[Source "ChessBase"]
[SourceDate "2022.10.05"]
[SourceVersion "1"]
[SourceVersionDate "2022.10.05"]
[SourceQuality "1"]

1. e4 e5 2. Nf3 Nc6 3. Bc4 Nf6 4. d3 h6 5. c3 d6 6. 0-0 g5 7. a4 g4 8. Nfd2 h5 9. f4 exf4 10. Rxf4 Bh6 11. Rf1 Ne5 12. d4 Nxc4 13. Nxc4 Nxe4 14. Bxh6 Rxh6 15. Nbd2 Nf6 16. Qe2+ Qe7 17. Qd3 Be6 18. Rfe1 Nd5 19. a5 a6 20. b4 Kf8 21. Rf1 Kg7 22. Rae1 Qg5 23. Ne4 Qg6 24. Ne3 Re8 25. c4 Nxb4 26. Qb1 c5 27. d5 Bd7 28. Qb2+ Kf8 29. Nf6 Re7 30. Nxd7+ Rxd7 31. Nf5 Nd3 32. Qe2 Nxe1 33. Nxh6 Nf3+ 34. Kh1 Qxh6 35. gxf3 Re7 36. Qd3 Qe3 37. Qf5 gxf3 38. Qxh5 Qd4 39. Qh6+ Ke8 40. Qh3 Qe4 41. Qc8# 1-0

[Event "Titled Tuesday intern op 16th Aug Early"]
[Site "Chess.com INT"]
[Date "2022.08.16"]
[Round "7"]
[White "Molina, Roberto Junio Brito"]
[Black "Sirosh, Ilja"]
[Result "1/2-1/2"]
[WhiteElo "2390"]
[BlackElo "2385"]
[PlyCount "146"]
[EventDate "2022.08.16"]
[EventType "swiss (blitz)"]
[EventRounds "11"]
[EventCountry "USA"]
[SourceTitle "EXT 2023"]
[Source "ChessBase"]
[SourceDate "2022.10.05"]
[SourceVersion "1"]
[SourceVersionDate "2022.10.05"]
[SourceQuality "1"]

1. d4 Nf6 2. Nf3 g6 3. e3 Bg7 4. Be2 0-0 5. 0-0 c5 6. dxc5 Qc7 7. a3 Ne4 8. Nd4 Nxc5 9. b4 Ne6 10. c3 Nxd4 11. cxd4 d6 12. Bb2 Bf5 13. Nc3 Nc6 14. Rc1 Qd8 15. e4 Bd7 16. d5 Nb8 17. Bd3 Na6 18. Qd2 Nc7 19. h4 h5 20. g3 a5 21. b5 Ne8 22. a4 Qb6 23. Ne2 Bxb2 24. Qxb2 Nf6 25. Qd4 Qxd4 26. Nxd4 Rfc8 27. Nb3 b6 28. Nd4 Rc5 29. Nb3 Rcc8 30. f3 Kf8 31. Kf2 Bh3 32. Rh1 Rxc1 33. Rxc1 Rc8 34. Rc6 Bd7 35. Nd4 Bxc6 36. bxc6 Ne8 37. Ba6 Rc7 38. Nb5 e5 39. Nxc7 Nxc7 40. Be2 f5 41. Ke3 Kg7 42. f4 Kf6 43. Bd3 fxe4 44. Kxe4 exf4 45. gxf4 Ne8 46. Bf1 Nc7 47. Bh3 Ne8 48. Kd4 Nc7 49. Kc4 Ke7 50. Bg2 Kf6 51. Be4 Kf7 52. Bd3 Kf6 53. Bc2 Kf7 54. Kd4 Kf6 55. Bd3 Kf7 56. Ke4 Kf6 57. Bc4 Ne8 58. Bd3 Nc7 59. Kd4 Kf7 60. f5 gxf5 61. Bxf5 Kf6 62. Bd3 Ne8 63. Be2 Kg6 64. Ke4 Nc7 65. Bd3 Ne8 66. Kf4+ Kf6 67. Be2 Kg6 68. Ke4 Nc7 69. Kd4 Kh6 70. Bd3 Kg7 71. Be2 Kh6 72. Bd1 Kg6 73. Be2 Kh6 1/2-1/2

[Event "Titled Tuesday intern op 16th Aug Early"]
[Site "Chess.com INT"]
[Date "2022.08.16"]
[Round "6"]
[White "Samunenkov, Igor"]
[Black "Sirosh, Ilja"]
[Result "1/2-1/2"]
[WhiteElo "2454"]
[BlackElo "2385"]
[PlyCount "154"]
[EventDate "2022.08.16"]
[EventType "swiss (blitz)"]
[EventRounds "11"]
[EventCountry "USA"]
[SourceTitle "EXT 2023"]
[Source "ChessBase"]
[SourceDate "2022.10.05"]
[SourceVersion "1"]
[SourceVersionDate "2022.10.05"]
[SourceQuality "1"]

1. d4 Nf6 2. c4 g6 3. Nf3 Bg7 4. g3 0-0 5. Bg2 d6 6. 0-0 c5 7. dxc5 dxc5 8. Nc3 Nc6 9. Bf4 Nh5 10. Be3 b6 11. Qc1 Bb7 12. Rd1 Qe8 13. Bh6 Rd8 14. Nd5 e6 15. Bxg7 Kxg7 16. Qc3+ f6 17. Ne3 Qe7 18. Nc2 Kf7 19. e3 Ng7 20. g4 h6 21. h3 e5 22. Nd2 Nb8 23. Ne4 Ne6 24. Ng3 Bxg2 25. Kxg2 Qb7+ 26. f3 Ng5 27. Rf1 h5 28. h4 Ne6 29. gxh5 gxh5 30. Rad1 Rxd1 31. Rxd1 Rg8 32. Kf2 Ng7 33. Qd3 Qe7 34. Qd5+ Qe6 35. e4 Nc6 36. Ne3 Nd4 37. Rg1 Nc6 38. b3 Rd8 39. Qxe6+ Nxe6 40. Nd5 Rh8 41. Nf5 Ncd4 42. Nd6+ Kf8 43. Ke3 Nc2+ 44. Kd2 Ncd4 45. Rg6 Nxf3+ 46. Ke3 Nfd4 47. Rxf6+ Kg7 48. Nf5+ Kh7 49. Nxd4 Nxd4 50. Rf7+ Kg6 51. Rxa7 Rf8 52. Nxb6 Rf3+ 53. Kd2 Rh3 54. Nd7 Rh2+ 55. Ke1 Rxh4 56. Nxe5+ Kf6 57. Nd3 Rh1+ 58. Kd2 h4 59. e5+ Kf5 60. Rf7+ Ke6 61. Rf6+ Ke7 62. Rh6 Rh2+ 63. Ke1 Nf3+ 64. Kf1 Rxa2 65. Nf2 Rb2 66. Kg2 Nxe5 67. Rxh4 Rxb3 68. Ne4 Rb2+ 69. Kg3 Nd3 70. Rh7+ Ke6 71. Rh5 Rc2 72. Nxc5+ Nxc5 73. Rxc5 Kd6 74. Rd5+ Kc6 75. Rd4 Kc5 76. Rh4 Rxc4 77. Rxc4+ Kxc4 1/2-1/2

[Event "Titled Tuesday intern op 16th Aug Early"]
[Site "Chess.com INT"]
[Date "2022.08.16"]
[Round "5"]
[White "Sirosh, Ilja"]
[Black "Daianu, Cristian Clement"]
[Result "1-0"]
[WhiteElo "2385"]
[BlackElo "2164"]
[PlyCount "71"]
[EventDate "2022.08.16"]
[EventType "swiss (blitz)"]
[EventRounds "11"]
[EventCountry "USA"]
[SourceTitle "EXT 2023"]
[Source "ChessBase"]
[SourceDate "2022.10.05"]
[SourceVersion "1"]
[SourceVersionDate "2022.10.05"]
[SourceQuality "1"]

1. e4 c5 2. Nf3 d6 3. d4 cxd4 4. Nxd4 Nf6 5. Nc3 a6 6. Bc4 Nbd7 7. 0-0 Nc5 8. Re1 e6 9. b4 b5 10. Ncxb5 axb5 11. Bxb5+ Ncd7 12. a4 Qc7 13. c4 Be7 14. Nc6 Bb7 15. Nxe7 Kxe7 16. f3 Rhd8 17. Bf4 e5 18. Be3 Bc6 19. Qd3 Bxb5 20. cxb5 Nf8 21. Rec1 Qb7 22. a5 Ne6 23. a6 Qd7 24. b6 d5 25. b7 Rab8 26. Bc5+ Nxc5 27. bxc5 Qc6 28. exd5 Rxd5 29. Qe3 Nd7 30. a7 Qxb7 31. axb8Q Nxb8 32. Rab1 Qc7 33. h3 Nc6 34. Kh1 f6 35. Qe4 g6 36. Qxd5 1-0

[Event "Titled Tuesday intern op 16th Aug Early"]
[Site "Chess.com INT"]
[Date "2022.08.16"]
[Round "2"]
[White "Sirosh, Ilja"]
[Black "Jain, Naveen"]
[Result "1/2-1/2"]
[WhiteElo "2385"]
[BlackElo "2032"]
[PlyCount "197"]
[EventDate "2022.08.16"]
[EventType "swiss (blitz)"]
[EventRounds "11"]
[EventCountry "USA"]
[SourceTitle "EXT 2023"]
[Source "ChessBase"]
[SourceDate "2022.10.05"]
[SourceVersion "1"]
[SourceVersionDate "2022.10.05"]
[SourceQuality "1"]

1. e4 Nf6 2. e5 Nd5 3. d4 d6 4. Nf3 dxe5 5. Nxe5 c6 6. Be2 Bf5 7. 0-0 Nd7 8. Nf3 h6 9. a3 e6 10. c4 Nc7 11. Nc3 Be7 12. Bd3 Bxd3 13. Qxd3 0-0 14. Re1 Bf6 15. Bf4 c5 16. d5 exd5 17. cxd5 Nb6 18. Bxc7 Qxc7 19. Rad1 Qd7 20. Ne4 Bxb2 21. Nxc5 Qc7 22. Ne4 Rad8 23. d6 Qc6 24. Re2 Rfe8 25. Rxb2 Qxe4 26. Qxe4 Rxe4 27. Rb4 Rxb4 28. axb4 f6 29. h4 Nc4 30. Rc1 Nxd6 31. Rc7 a6 32. h5 b6 33. g4 a5 34. bxa5 bxa5 35. Ra7 Nc4 36. Nh4 Ne5 37. Nf5 Rd7 38. Ra8+ Kf7 39. f3 Nxf3+ 40. Kf2 Ne5 41. Kg3 Rd3+ 42. Kf4 Rd7 43. Rxa5 Nd3+ 44. Ke4 Ne5 45. Kf4 Nd3+ 46. Kg3 Ne5 47. Nh4 Rc7 48. Ra3 Rc4 49. Nf5 Rxg4+ 50. Kh3 Rg5 51. Ra7+ Ke6 52. Nxg7+ Kd5 53. Ra5+ Ke4 54. Ne6 Rxh5+ 55. Kg3 Rf5 56. Ng7 Rg5+ 57. Kh4 Rxg7 58. Kh5 Kf5 59. Kxh6 Rg5 60. Ra8 Nf7+ 61. Kh7 Rh5+ 62. Kg7 Ne5 63. Ra6 Rg5+ 64. Kf8 Rh5 65. Kg7 Rh3 66. Rxf6+ Ke4 67. Ra6 Rg3+ 68. Kf6 Rf3+ 69. Ke6 Rd3 70. Ra4+ Rd4 71. Ra1 Rd3 72. Re1+ Re3 73. Rb1 Kd3 74. Rb3+ Ke2 75. Rb2+ Kf3 76. Kd5 Nd3 77. Rb8 Nf4+ 78. Kd4 Re4+ 79. Kc3 Re3+ 80. Kd2 Re4 81. Rb3+ Kg4 82. Rb8 Re2+ 83. Kc3 Re3+ 84. Kd4 Kf3 85. Rh8 Rd3+ 86. Kc4 Re3 87. Kd4 Rd3+ 88. Ke5 Rd5+ 89. Kf6 Ke4 90. Re8+ Kf3 91. Ra8 Rc5 92. Ra3+ Ke4 93. Ra4+ Ke3 94. Ra3+ Nd3 95. Ra8 Rc6+ 96. Kf5 Rc5+ 97. Kf6 Rc6+ 98. Kf5 Rc5+ 99. Kf6 1/2-1/2

[Event "Titled Tuesday intern op 16th Aug Early"]
[Site "Chess.com INT"]
[Date "2022.08.16"]
[Round "8"]
[White "Sirosh, Ilja"]
[Black "Tanenbaum, Zachary Chen"]
[Result "0-1"]
[WhiteElo "2385"]
[BlackElo "2142"]
[PlyCount "110"]
[EventDate "2022.08.16"]
[EventType "swiss (blitz)"]
[EventRounds "11"]
[EventCountry "USA"]
[SourceTitle "EXT 2023"]
[Source "ChessBase"]
[SourceDate "2022.10.05"]
[SourceVersion "1"]
[SourceVersionDate "2022.10.05"]
[SourceQuality "1"]

1. e4 e5 2. Nf3 Nc6 3. Bc4 Nf6 4. d3 Be7 5. 0-0 0-0 6. Re1 d6 7. a4 Be6 8. a5 a6 9. Nbd2 Qd7 10. Nf1 Rfe8 11. c3 d5 12. exd5 Bxd5 13. Bxd5 Qxd5 14. Ne3 Qd7 15. d4 exd4 16. Nxd4 Nxd4 17. Qxd4 Qxd4 18. cxd4 Bb4 19. Rd1 Rad8 20. Ra4 Bf8 21. Kf1 Nd5 22. Rc4 c6 23. Nxd5 Rxd5 24. b4 g6 25. Re1 Rxe1+ 26. Kxe1 Bg7 27. Be3 Kf8 28. Ke2 Ke7 29. Kd3 Ke6 30. f3 Bf8 31. Bd2 Rd7 32. Rc1 Kd5 33. Re1 Bg7 34. Bc3 Kd6 35. Re8 Re7 36. Rd8+ Kc7 37. Rg8 Bh6 38. Rh8 f5 39. Kc4 Rd7 40. h4 Bf4 41. g4 fxg4 42. fxg4 Rf7 43. d5 Bd6 44. dxc6 Kxc6 45. Rc8+ Kd7 46. Rh8 Ke6 47. h5 Rc7+ 48. Kd3 Rxc3+ 49. Kd2 Rc7 50. hxg6 hxg6 51. Rg8 Kf7 52. Rd8 Bxb4+ 53. Kd3 Bxa5 54. Ke4 Re7+ 55. Kf3 Bxd8 0-1

[Event "Viljandi Raud Memorial 56th"]
[Site "Viljandi"]
[Date "2022.07.09"]
[Round "8"]
[White "Miezis, Normunds"]
[Black "Sirosh, Ilja"]
[Result "1-0"]
[WhiteElo "2446"]
[BlackElo "2402"]
[PlyCount "81"]
[EventDate "2022.07.03"]
[EventType "swiss"]
[EventRounds "9"]
[EventCountry "EST"]
[SourceTitle "CBM 209 Extra"]
[Source "ChessBase"]
[SourceDate "2022.09.30"]
[SourceVersion "1"]
[SourceVersionDate "2022.09.30"]
[SourceQuality "1"]

1. c4 e5 2. Nc3 Bb4 3. g3 Bxc3 4. dxc3 d6 5. e4 Nd7 6. Bg2 Nc5 7. Be3 b6 8. b4 Ne6 9. Nh3 Nf6 10. f4 Bb7 11. Nf2 c6 12. a4 0-0 13. 0-0 Re8 14. Qd2 Qc7 15. f5 Nf8 16. g4 d5 17. g5 Nxe4 18. Nxe4 dxe4 19. c5 Ba6 20. Rfe1 Bd3 21. Qf2 bxc5 22. Bxc5 Nd7 23. Bxe4 Nxc5 24. Qxc5 Bxe4 25. Rxe4 Qd8 26. Qe3 Qd5 27. Re1 f6 28. Rg4 Kh8 29. Rh4 fxg5 30. Qxg5 Qf7 31. Rhe4 Qf6 32. Qxf6 gxf6 33. Rc4 a5 34. b5 cxb5 35. axb5 Rec8 36. Rxc8+ Rxc8 37. Rc1 a4 38. c4 a3 39. c5 a2 40. c6 Kg7 41. Ra1 1-0

[Event "Viljandi Valgmae Memorial"]
[Site "Viljandi"]
[Date "2022.07.02"]
[Round "7"]
[White "Sirosh, Ilja"]
[Black "Starostits, Ilmars"]
[Result "0-1"]
[WhiteElo "2402"]
[BlackElo "2441"]
[PlyCount "80"]
[EventDate "2022.07.02"]
[EventType "swiss (rapid)"]
[EventRounds "9"]
[EventCountry "EST"]
[SourceTitle "CBM 209 Extra"]
[Source "ChessBase"]
[SourceDate "2022.09.30"]
[SourceVersion "1"]
[SourceVersionDate "2022.09.30"]
[SourceQuality "1"]

1. e4 c5 2. Nf3 Nc6 3. Bc4 Nf6 4. e5 d5 5. Bb5 Ng8 6. Bxc6+ bxc6 7. 0-0 Bg4 8. d3 e6 9. b3 Ne7 10. h3 Bxf3 11. Qxf3 Nf5 12. Nc3 Be7 13. Na4 0-0 14. Ba3 f6 15. Nxc5 Nd4 16. Qg4 fxe5 17. Nxe6 Nxe6 18. Qxe6+ Rf7 19. Bxe7 Qxe7 20. Qxc6 Rd8 21. Rae1 Rf6 22. Qc3 Re6 23. d4 e4 24. Re3 Rf8 25. Qa5 Qd7 26. Rd1 Ref6 27. Qe1 Qf7 28. Rd2 h5 29. c4 Rg6 30. cxd5 Qxd5 31. Rxe4 Kh7 32. f3 Rxf3 33. Re5 Qf7 34. Rxh5+ Kg8 35. Re5 Rxh3 36. d5 Qf4 37. Re8+ Kh7 38. Qe4 Qxd2 39. Rh8+ Kxh8 40. Qxg6 Qe1# 0-1

[Event "Titled Tuesday intern op 28th Jun Early"]
[Site "Chess.com INT"]
[Date "2022.06.28"]
[Round "1"]
[White "Valle, Luis E"]
[Black "Sirosh, Ilja"]
[Result "1-0"]
[WhiteElo "2268"]
[BlackElo "2402"]
[PlyCount "105"]
[EventDate "2022.06.28"]
[EventType "swiss (blitz)"]
[EventRounds "11"]
[EventCountry "USA"]
[SourceTitle "CBM 209 Extra"]
[Source "ChessBase"]
[SourceDate "2022.09.30"]
[SourceVersion "1"]
[SourceVersionDate "2022.09.30"]
[SourceQuality "1"]

1. e4 c5 2. Nf3 d6 3. d4 cxd4 4. Nxd4 Nf6 5. Nc3 a6 6. Bg5 Nbd7 7. f4 Qc7 8. Qd2 e6 9. 0-0-0 b5 10. h3 b4 11. Na4 Nxe4 12. Qxb4 Nxg5 13. fxg5 Rb8 14. Qc3 Qxc3 15. Nxc3 Be7 16. h4 Bb7 17. Rg1 Ne5 18. Be2 h6 19. Nf3 hxg5 20. hxg5 Ng4 21. Kb1 Kd7 22. g6 fxg6 23. Nd4 Ne5 24. Nf3 Bf6 25. Na4 Bc6 26. Nc5+ Ke7 27. Nxa6 Rb6 28. b3 Nxf3 29. gxf3 Bb7 30. Nc7 Rc8 31. Nb5 Ba6 32. a4 g5 33. c4 Bxb5 34. cxb5 Rc3 35. Rd3 Rxd3 36. Bxd3 Bd4 37. Rxg5 Kf6 38. Rg6+ Kf7 39. Rg4 Bf2 40. a5 Rb8 41. Rc4 Kf6 42. Rc7 d5 43. Rc6 g5 44. b6 Ke5 45. Ba6 Be3 46. Bc8 Kf4 47. Bxe6 d4 48. a6 d3 49. a7 Rd8 50. Bc4 d2 51. Be2 Kg3 52. Kc2 Kf2 53. Kd1 1-0

[Event "Titled Tuesday intern op 28th Jun Early"]
[Site "Chess.com INT"]
[Date "2022.06.28"]
[Round "7"]
[White "Zhigalko, Sergei"]
[Black "Sirosh, Ilja"]
[Result "1-0"]
[WhiteElo "2572"]
[BlackElo "2402"]
[PlyCount "41"]
[EventDate "2022.06.28"]
[EventType "swiss (blitz)"]
[EventRounds "11"]
[EventCountry "USA"]
[SourceTitle "CBM 209 Extra"]
[Source "ChessBase"]
[SourceDate "2022.09.30"]
[SourceVersion "1"]
[SourceVersionDate "2022.09.30"]
[SourceQuality "1"]

1. e4 c5 2. Nf3 d6 3. d4 cxd4 4. Qxd4 Nc6 5. Bb5 Bd7 6. Bxc6 Bxc6 7. Nc3 Nf6 8. Bg5 e6 9. 0-0-0 Be7 10. Rhe1 0-0 11. Kb1 h5 12. h3 Qb6 13. Qd2 Rac8 14. g4 hxg4 15. hxg4 Rfe8 16. Nd4 Bd7 17. Rh1 Rxc3 18. Qxc3 Rc8 19. Qh3 Kf8 20. Qh8+ Ng8 21. Rh7 1-0

[Event "Titled Tuesday intern op 14th Jun Early"]
[Site "Chess.com INT"]
[Date "2022.06.14"]
[Round "3"]
[White "Sirosh, Ilja"]
[Black "Melikhov, Evgeny V"]
[Result "1-0"]
[WhiteElo "2402"]
[BlackElo "2292"]
[PlyCount "103"]
[EventDate "2022.06.14"]
[EventType "swiss (blitz)"]
[EventRounds "11"]
[EventCountry "USA"]
[SourceTitle "EXT 2023"]
[Source "ChessBase"]
[SourceDate "2022.10.05"]
[SourceVersion "1"]
[SourceVersionDate "2022.10.05"]
[SourceQuality "1"]

1. a3 d5 2. d4 c5 3. e3 Nc6 4. dxc5 e6 5. b4 a5 6. b5 Na7 7. Bb2 Nf6 8. c4 Bxc5 9. cxd5 exd5 10. Nf3 0-0 11. Be2 Be6 12. 0-0 Nc8 13. Be5 Nb6 14. Nc3 Rc8 15. Qd3 Nc4 16. Bd4 Bxa3 17. Ng5 Ne4 18. Nxe6 fxe6 19. Nxe4 dxe4 20. Qxe4 Qd6 21. Bd3 g6 22. Qxb7 Rc7 23. Qa6 Qxa6 24. bxa6 Bb4 25. a7 Nd6 26. Rfc1 Rxc1+ 27. Rxc1 a4 28. Bc5 Bxc5 29. Rxc5 Ra8 30. Ra5 Nc8 31. Rxa4 Rxa7 32. Rxa7 Nxa7 33. Bc4 Kf7 34. f4 Kf6 35. Kf2 e5 36. Kf3 exf4 37. Kxf4 Nc6 38. h4 h6 39. Be2 Ne5 40. Ke4 g5 41. h5 Nd7 42. Bg4 Ne5 43. Bf5 Nc4 44. Bg6 Nd2+ 45. Kd5 Nf1 46. e4 Ne3+ 47. Kd6 Nxg2 48. e5+ Kg7 49. e6 Nf4 50. e7 Nxg6 51. hxg6 Kxg6 52. e8Q+ 1-0

[Event "Titled Tuesday intern op 14th Jun Early"]
[Site "Chess.com INT"]
[Date "2022.06.14"]
[Round "1"]
[White "Sirosh, Ilja"]
[Black "Tsukerman, Julia"]
[Result "1/2-1/2"]
[WhiteElo "2402"]
[BlackElo "1523"]
[PlyCount "160"]
[EventDate "2022.06.14"]
[EventType "swiss (blitz)"]
[EventRounds "11"]
[EventCountry "USA"]
[SourceTitle "EXT 2023"]
[Source "ChessBase"]
[SourceDate "2022.10.05"]
[SourceVersion "1"]
[SourceVersionDate "2022.10.05"]
[SourceQuality "1"]

1. e4 c5 2. Nf3 d6 3. d4 cxd4 4. Nxd4 Nf6 5. Nc3 a6 6. Bc4 e6 7. Be3 Be7 8. Bb3 Qc7 9. g4 h6 10. Qe2 Nbd7 11. 0-0-0 b5 12. Bxe6 Ne5 13. Bd5 Bb7 14. Bxb7 Qxb7 15. Nf5 0-0 16. f3 b4 17. Nd5 Nxd5 18. Rxd5 Rfd8 19. Kb1 Bf8 20. h4 Rac8 21. h5 f6 22. f4 Nc4 23. Bc1 Re8 24. Qd3 Nb6 25. Nxd6 Bxd6 26. Rxd6 Nc4 27. Qd5+ Qf7 28. Qxf7+ Kxf7 29. Rd7+ Kg8 30. Re1 Rc6 31. b3 Nd6 32. e5 fxe5 33. fxe5 Nf7 34. Bb2 Rce6 35. Rd5 Ng5 36. a3 bxa3 37. Bxa3 Nf3 38. Re3 Nxe5 39. Bb2 Nxg4 40. Rxe6 Rxe6 41. Rd7 Nf6 42. Ra7 Nxh5 43. c4 Nf6 44. c5 h5 45. Rb7 Rc6 46. b4 h4 47. Rb6 Rxb6 48. cxb6 Nd7 49. b7 h3 50. Be5 Kf7 51. b8Q Nxb8 52. Bxb8 Ke6 53. Kb2 g5 54. Kb3 g4 55. Ka4 Kf5 56. Ka5 Ke4 57. Kxa6 Kf3 58. b5 g3 59. Bxg3 Kxg3 60. b6 h2 61. b7 h1Q 62. b8Q+ Kg2 63. Qb7+ Kh2 64. Qc7+ Kg2 65. Qc6+ Kg1 66. Qc1+ Kh2 67. Qh6+ Kg1 68. Qe6 Qg2 69. Kb5 Qf2 70. Kb4 Qf4+ 71. Kc3 Qf3+ 72. Kd2 Qf2+ 73. Kd3 Qf3+ 74. Kd4 Qd1+ 75. Kc5 Qc2+ 76. Kd6 Qd3+ 77. Ke7 Qg3 78. Qe2 Qg2 79. Qe1+ Qf1 80. Qxf1+ Kxf1 1/2-1/2

[Event "Titled Tuesday intern op 31st May Early"]
[Site "Chess.com INT"]
[Date "2022.05.31"]
[Round "4"]
[White "Remolar Gallen, Jose"]
[Black "Sirosh, Ilja"]
[Result "0-1"]
[WhiteElo "2305"]
[BlackElo "2402"]
[PlyCount "88"]
[EventDate "2022.05.31"]
[EventType "swiss (blitz)"]
[EventRounds "11"]
[EventCountry "USA"]
[SourceTitle "CBM 208 Extra"]
[Source "ChessBase"]
[SourceDate "2022.07.31"]
[SourceVersion "1"]
[SourceVersionDate "2022.07.31"]
[SourceQuality "1"]

1. d4 d5 2. c4 e6 3. Nf3 Nf6 4. Nc3 c5 5. cxd5 exd5 6. g3 Nc6 7. Bg2 cxd4 8. Nxd4 Bc5 9. Nb3 Bb6 10. 0-0 d4 11. Na4 0-0 12. Bg5 Re8 13. Nxb6 axb6 14. Qd2 h6 15. Bxf6 Qxf6 16. Rfd1 Bg4 17. Bxc6 bxc6 18. Qxd4 Be6 19. Qxf6 gxf6 20. Nd4 Bxa2 21. e3 Bd5 22. Rac1 c5 23. Nb5 Bf3 24. Rd6 Re6 25. Rd2 Ra2 26. h3 Kg7 27. g4 Re5 28. Kh2 f5 29. Kg3 fxg4 30. hxg4 Bc6 31. Nc3 Ra7 32. Rd6 Re6 33. Rcd1 Rc7 34. Rxe6 fxe6 35. f4 b5 36. Ne2 b4 37. f5 e5 38. g5 hxg5 39. Kg4 c4 40. Kxg5 Bf3 41. f6+ Kf7 42. Rd2 c3 43. bxc3 bxc3 44. Rc2 Bxe2 0-1

[Event "Titled Tuesday intern op 31st May Early"]
[Site "Chess.com INT"]
[Date "2022.05.31"]
[Round "3"]
[White "Sirosh, Ilja"]
[Black "Matveeva, Olga"]
[Result "0-1"]
[WhiteElo "2402"]
[BlackElo "2168"]
[PlyCount "44"]
[EventDate "2022.05.31"]
[EventType "swiss (blitz)"]
[EventRounds "11"]
[EventCountry "USA"]
[SourceTitle "CBM 208 Extra"]
[Source "ChessBase"]
[SourceDate "2022.07.31"]
[SourceVersion "1"]
[SourceVersionDate "2022.07.31"]
[SourceQuality "1"]

1. e4 e6 2. d4 d5 3. Nc3 Nf6 4. e5 Nfd7 5. f4 c5 6. Nf3 Nc6 7. Be3 cxd4 8. Nxd4 Bc5 9. Qd2 0-0 10. 0-0-0 a6 11. Qf2 Bxd4 12. Bxd4 b5 13. Bd3 b4 14. Ne2 a5 15. Kb1 a4 16. h4 Ba6 17. Rh3 Qc7 18. h5 Rfc8 19. g4 b3 20. cxb3 Nb4 21. Nc1 Qxc1+ 22. Rxc1 Bxd3+ 0-1

[Event "Titled Tuesday intern op 24th May Early"]
[Site "Chess.com INT"]
[Date "2022.05.24"]
[Round "4"]
[White "Cardoso Cardoso, Jose Gabriel"]
[Black "Sirosh, Ilja"]
[Result "1-0"]
[WhiteElo "2451"]
[BlackElo "2402"]
[PlyCount "65"]
[EventDate "2022.05.24"]
[EventType "swiss (blitz)"]
[EventRounds "11"]
[EventCountry "USA"]
[SourceTitle "EXT 2023"]
[Source "ChessBase"]
[SourceDate "2022.10.05"]
[SourceVersion "1"]
[SourceVersionDate "2022.10.05"]
[SourceQuality "1"]

1. c4 e6 2. Nf3 d5 3. e3 c5 4. cxd5 exd5 5. Bb5+ Nc6 6. d4 Nf6 7. 0-0 cxd4 8. Nxd4 Bd7 9. Nc3 Bd6 10. b3 a6 11. Be2 Qc7 12. Nf3 Be6 13. Bb2 0-0 14. h3 Rad8 15. Rc1 Qe7 16. Nd4 Rfe8 17. Na4 Ne4 18. Bg4 Nxd4 19. Qxd4 f5 20. Bh5 Rf8 21. Nb6 Qg5 22. h4 Qh6 23. g3 Nf6 24. Bf3 Bb8 25. Kg2 Rf7 26. Rc2 Ne4 27. Nc4 f4 28. exf4 Rdf8 29. Ne5 Rxf4 30. gxf4 Qxf4 31. Qe3 Bxe5 32. Qxf4 Rxf4 33. Bxe5 1-0

[Event "Titled Tuesday intern op 24th May Late"]
[Site "Chess.com INT"]
[Date "2022.05.24"]
[Round "1"]
[White "Sirosh, Ilja"]
[Black "Nakamura, Hikaru"]
[Result "0-1"]
[WhiteElo "2402"]
[BlackElo "2766"]
[PlyCount "86"]
[EventDate "2022.05.24"]
[EventType "swiss (blitz)"]
[EventRounds "11"]
[EventCountry "USA"]
[SourceTitle "EXT 2023"]
[Source "ChessBase"]
[SourceDate "2022.10.05"]
[SourceVersion "1"]
[SourceVersionDate "2022.10.05"]
[SourceQuality "1"]

1. e4 Nf6 2. e5 Nd5 3. d4 d6 4. Nf3 g6 5. exd6 cxd6 6. Be2 Bg7 7. 0-0 0-0 8. c4 Nb6 9. Nc3 Bg4 10. b3 Nc6 11. Be3 d5 12. c5 Nc8 13. h3 Bxf3 14. Bxf3 e6 15. Rb1 N8e7 16. b4 Nf5 17. Ne2 Nh4 18. b5 Nxf3+ 19. gxf3 Ne7 20. Ng3 h5 21. Qd2 h4 22. Ne2 Nf5 23. Rfc1 Rc8 24. Bf4 Qd7 25. a4 f6 26. Kh1 e5 27. dxe5 fxe5 28. Bg5 Nd4 29. Ng1 Nxf3 30. Qe3 e4 31. Rd1 Nxg1 32. Kxg1 Qe6 33. Qd2 d4 34. Qc2 d3 35. Qb3 Qxb3 36. Rxb3 Bd4 37. Be3 Bxe3 38. fxe3 Rf3 39. Rc3 Rxe3 40. c6 bxc6 41. bxc6 Rxh3 42. c7 Rf3 43. Rb1 d2 0-1